000 00716nam a2200205 i 4500
001 135316
003 ES-MaACL
005 20250829120102.0
007 t|
008 070716s1932 sp ||||1| spa d
100 1 _aTorón Villegas, Luis.
_9110697
245 1 0 _aIntroducción al estudio de la tierra :
_b(geología) /
_cpor Luis Torón y Villegas.
260 _aValencia :
_b[Cuadernos de Cultura],
_c1932 (
_fTip. P. Quiles)
300 _a44 p. :
_b17 cm.
490 1 _aCuadernos de cultura ;
_v58. Ciencias naturales ;
_v5
650 7 _aGeología
_2embne
_913086
830 1 _aCuadernos de cultura
_v58. Ciencias naturales ;
_v5
_9181245
852 _aES-MaACL
_j1937-F-3
999 _c135316
_d135316